000 01798nam a2200529 i 4500
001 27552
003 KOSZ 005
005 20211203131421.0
008 010331s1976 pl a |001 0 pol
015 _aUWD 1977/978
035 _a991015959309705066
035 _a(PL-WaBN)b14285010-48omnis_nlop
035 _ab14285010
035 _a(OCoLC)830236099
035 _azz2006988334
035 _a(PL)b0000001428501
035 _a(EXLNZ-48OMNIS_NETWORK)9910094487105606
040 _aWA N
_cWA N
_dWA N
_dKOSZ 005/HR
041 1 _apol
_heng
046 _k1976
080 _a004.43
080 _a811.93'367
100 1 _aFoster, John Michael
_eAutor
240 1 0 _aAutomatic syntactic analysis
_l(pol.)
245 1 0 _aAutomatyczna analiza składniowa /
_cJ. M. Foster ; [z ang. tł. Jerzy Andrzej Piotrowski].
246 1 _iTyt. oryg.:
_aInformation and communication theory
260 _aWarszawa :
_bPaństowe Wydaw. Naukowe,
_c1976.
300 _a91, [1] s. :
_bil. ;
_c21 cm.
336 _aTekst
_btxt
_2rdacontent
337 _aBez urządzenia pośredniczącego
_bn
_2rdamedia
338 _aWolumin
_bnc
_2rdacarrier
380 _aKsiążki
388 _a1901-2000
388 _a1945-1989
490 1 _aBiblioteka Informatyki
504 _aBibliogr. - Indeks.
650 7 _aAutomatyzacja
_2DBN
650 7 _aJęzyki programowania
_2DBN
650 7 _aSkładnia
_2DBN
650 7 _aZastosowanie i wykorzystanie
_2DBN
658 _aInformatyka i technologie informacyjne
700 1 _aPiotrowski, Jerzy Andrzej
_eTłumaczenie
830 0 _aBiblioteka Informatyki
856 _uhttp://koha.tu.koszalin.pl/cgi-bin/koha/opac-detail.pl?biblionumber=27552
_yKatalog online BPK
942 _2UKD
_cKS
999 _c27552
_d27552